00867nam a22001457a 4500008004100000020001500041050001900056100002000075245006000095260003600155300003200191500002000223505046000243650001800703120330t xxu||||| |||| 00| 0 eng d a0071402306 aHD4928.S74 W35 aWalker, Beth V. aAn employee's guide to stock options /cBeth V. Walker. aNew York:bMcGraw Hill,cc2003. aix, 250 p. :bill. ;c22cm. aIncludes index. aContents: A Stock option is just like sex -- A Look in the mirror -- Types of employee stock options -- What are your options really worth? -- Uncle Sam...your wealthiest relative -- The Nine most common mistakes to avoid with stock options -- Graduating from an employee to an owner -- Optioneering -- Recruiting your team of advisers -- The Optionaire next door -- Your options with your options -- Appendixes -- A Glossary of equity compensation terms. bStock options